[Event "Florianopolis op 8th"]
[Site "Florianopolis"]
[Date "2022.01.27"]
[Round "5"]
[White "Mazetto, Sergio Luiz"]
[Black "Quiroga, Angel"]
[Result "1/2-1/2"]
[WhiteElo "2084"]
[BlackElo "1837"]
[PlyCount "55"]
[EventDate "2022.01.24"]
[EventType "swiss"]
[EventRounds "10"]
[EventCountry "BRA"]
[SourceTitle "EXT 2023"]
[Source "ChessBase"]
[SourceDate "2022.10.05"]
[SourceVersion "1"]
[SourceVersionDate "2022.10.05"]
[SourceQuality "1"]

1. c4 Nf6 2. g3 g6 3. Bg2 Bg7 4. Nc3 0-0 5. e4 d6 6. Nge2 c5 7. 0-0 Nc6 8. d3 Rb8 9. h3 a6 10. a4 Bd7 11. Be3 Qc8 12. Kh2 Ne5 13. Nf4 e6 14. Nfe2 b5 15. axb5 axb5 16. cxb5 Bxb5 17. Nxb5 Rxb5 18. Ra2 Qb8 19. Bc1 Rb3 20. Ra3 Rb4 21. f4 Ned7 22. g4 h6 23. Kh1 Qb6 24. f5 exf5 25. exf5 g5 26. Ra4 Rb3 27. Ra3 Rb4 28. Ra4 1/2-1/2

[Event "Florianopolis op 8th"]
[Site "Florianopolis"]
[Date "2022.01.27"]
[Round "6"]
[White "Quiroga, Angel"]
[Black "Lutz, Igor Oscar"]
[Result "1/2-1/2"]
[WhiteElo "1837"]
[BlackElo "2044"]
[PlyCount "102"]
[EventDate "2022.01.24"]
[EventType "swiss"]
[EventRounds "10"]
[EventCountry "BRA"]
[SourceTitle "CBM 206 Extra"]
[Source "ChessBase"]
[SourceDate "2022.03.31"]
[SourceVersion "1"]
[SourceVersionDate "2022.03.31"]
[SourceQuality "1"]

1. d4 d5 2. c4 c6 3. Nc3 e6 4. Nf3 Nf6 5. Bg5 Nbd7 6. e3 Be7 7. Bd3 dxc4 8. Bxc4 b5 9. Bd3 Bb7 10. 0-0 h6 11. Bh4 0-0 12. Rc1 a6 13. Bxf6 Bxf6 14. Ne4 Be7 15. Nfd2 c5 16. dxc5 Nxc5 17. Nxc5 Bxc5 18. Be4 Bxe4 19. Nxe4 Bb6 20. Qf3 Rc8 21. h3 Qd5 22. Rxc8 Rxc8 23. Rd1 Qc6 24. Rd6 Qc1+ 25. Rd1 Qc6 26. Rd6 Qc1+ 27. Rd1 Qc7 28. g4 Rd8 29. Rxd8+ Qxd8 30. Ng3 a5 31. Qc6 b4 32. a3 bxa3 33. bxa3 Qc7 34. Qa8+ Kh7 35. Qe4+ g6 36. a4 Qd8 37. h4 Kg7 38. h5 g5 39. Kg2 Bc7 40. Ne2 Qd6 41. Nd4 Qb4 42. Nxe6+ fxe6 43. Qg6+ Kf8 44. Qxh6+ Ke7 45. Qxg5+ Kd7 46. Qg7+ Kc8 47. h6 Qe4+ 48. Kg1 Qb1+ 49. Kg2 Qe4+ 50. Kg1 Qb1+ 51. Kg2 Qe4+ 1/2-1/2

[Event "Florianopolis op 8th"]
[Site "Florianopolis"]
[Date "2022.01.25"]
[Round "2"]
[White "Kropff, Ricardo"]
[Black "Quiroga, Angel"]
[Result "1/2-1/2"]
[WhiteElo "2132"]
[BlackElo "1837"]
[PlyCount "59"]
[EventDate "2022.01.24"]
[EventType "swiss"]
[EventRounds "10"]
[EventCountry "BRA"]
[SourceTitle "CBM 206 Extra"]
[Source "ChessBase"]
[SourceDate "2022.03.31"]
[SourceVersion "1"]
[SourceVersionDate "2022.03.31"]
[SourceQuality "1"]

1. Nf3 Nf6 2. c4 g6 3. Nc3 Bg7 4. e4 d6 5. d4 0-0 6. Be2 e5 7. d5 c5 8. Bg5 Bd7 9. Nd2 h6 10. Be3 Qe7 11. 0-0 Nh7 12. a3 f5 13. f3 f4 14. Bf2 a5 15. b4 axb4 16. axb4 Rxa1 17. Qxa1 cxb4 18. Nb5 Na6 19. Qa5 Rc8 20. Qb6 Bxb5 21. cxb5 Rc5 22. Rb1 h5 23. Rxb4 h4 24. Ra4 h3 25. Qa5 Qg5 26. Bf1 hxg2 27. Bc4 Qh4 28. Qb4 Ng5 29. Ra2 Rxb5 30. Qxb5 1/2-1/2

[Event "Rio Grande op 19th"]
[Site "Rio Grande"]
[Date "2019.07.08"]
[Round "6"]
[White "Quiroga, Angel"]
[Black "Daneri, Martin"]
[Result "0-1"]
[WhiteElo "1864"]
[BlackElo "2040"]
[PlyCount "53"]
[EventDate "2019.07.05"]
[EventType "swiss"]
[EventRounds "7"]
[EventCountry "ARG"]
[SourceTitle "EXT 2020"]
[Source "ChessBase"]
[SourceDate "2019.10.17"]
[SourceVersion "1"]
[SourceVersionDate "2019.10.17"]
[SourceQuality "1"]

1. d4 c5 2. d5 Nf6 3. c4 e6 4. Nc3 exd5 5. cxd5 d6 6. e4 g6 7. f4 Bg7 8. Nf3 0-0 9. Bd3 a6 10. a4 Bg4 11. 0-0 Nbd7 12. Qe1 Bxf3 13. Rxf3 Re8 14. Qh4 Qe7 15. Bd2 Nxd5 16. Qe1 Nb4 17. Bb1 Nb8 18. Qd1 N8c6 19. Kh1 Rad8 20. Re3 Qe6 21. f5 Qc4 22. Rf3 Qd4 23. Qe2 Ne5 24. Rf1 Nc4 25. Be1 Na5 26. Bc2 Qc4 27. Qd2 0-1

[Event "Rio Grande op 18th"]
[Site "Rio Grande"]
[Date "2018.07.09"]
[Round "7"]
[White "Barrozo, Cristian"]
[Black "Quiroga, Angel"]
[Result "1/2-1/2"]
[WhiteElo "1831"]
[BlackElo "1788"]
[PlyCount "48"]
[EventDate "2018.07.05"]
[EventType "swiss"]
[EventRounds "7"]
[EventCountry "ARG"]
[SourceTitle "EXT 2019"]
[Source "ChessBase"]
[SourceDate "2018.10.10"]
[SourceVersion "1"]
[SourceVersionDate "2018.10.10"]
[SourceQuality "1"]

1. d4 Nf6 2. c4 g6 3. Nc3 Bg7 4. g3 0-0 5. Bg2 d6 6. Nf3 Nbd7 7. 0-0 e5 8. dxe5 dxe5 9. Qc2 c6 10. Rd1 Qc7 11. b3 Re8 12. Ba3 Bf8 13. Bxf8 Nxf8 14. e3 Be6 15. Rd2 Rad8 16. Rad1 Rxd2 17. Rxd2 Bg4 18. Ne4 Nxe4 19. Qxe4 f5 20. Qc2 Bxf3 21. Bxf3 e4 22. Bg2 Rd8 23. Qd1 Rxd2 24. Qxd2 Qd7 1/2-1/2

[Event "Rio Grande op 18th"]
[Site "Rio Grande"]
[Date "2018.07.07"]
[Round "5"]
[White "Barra Carrasco, Hector"]
[Black "Quiroga, Angel"]
[Result "0-1"]
[WhiteElo "2101"]
[BlackElo "1788"]
[PlyCount "88"]
[EventDate "2018.07.05"]
[EventType "swiss"]
[EventRounds "7"]
[EventCountry "ARG"]
[SourceTitle "EXT 2019"]
[Source "ChessBase"]
[SourceDate "2018.10.10"]
[SourceVersion "1"]
[SourceVersionDate "2018.10.10"]
[SourceQuality "1"]

1. Nf3 Nf6 2. d4 g6 3. c4 Bg7 4. Nc3 0-0 5. e4 d6 6. h3 e5 7. d5 Nbd7 8. Be3 Ne8 9. g4 Nc5 10. b4 Na6 11. Rb1 f5 12. gxf5 gxf5 13. Bg5 Bf6 14. Bh6 Bg7 15. Bg5 Bf6 16. Rg1 Kh8 17. h4 Rg8 18. Bd3 f4 19. Kd2 c6 20. Qa4 c5 21. a3 Bd7 22. b5 Nac7 23. Qb3 b6 24. a4 a5 25. bxa6 Rxa6 26. Ra1 Qa8 27. Ra2 Qa7 28. Ke2 Qa8 29. Kd2 Qa7 30. Be2 Qa8 31. Raa1 Qd8 32. Qd1 Ra8 33. Rb1 Na6 34. Nb5 Nb4 35. Qb3 Qe7 36. Rg2 Bxb5 37. cxb5 Qa7 38. Bd1 Qa5 39. Ke2 Qa7 40. Kf1 Qd7 41. Bxf6+ Nxf6 42. Ng5 h6 43. Ne6 Nxe4 44. Qf3 Nd2+ 0-1